000 00318nam a22001457a 4500
008 211012b ||||| |||| 00| 0 eng d
020 _a013338103-x
041 _aeng
080 _a621
082 _a621
100 _a26
101 _aMEK
245 _aFundamentals of Electronics
_cThomson,Ch.M
942 _2udc
_cBK
999 _c58184
_d58184